Statistics for Buildings by Emoji

Click here to take the quiz!

General Stats

  • This quiz has been taken 69 times
  • The average score is 8 of 14

Answer Stats

EmojiBuilding% Correct
🏠House
95%
🏰Castle
75%
Church
75%
🏥Hospital
73%
🏟Stadium
71%
🏦Bank
64%
🏭Factory
51%
🏫School
51%
🕌Mosque
44%
🏢Office Building
42%
🏨Hotel
41%
🕍Synagogue
36%
🏪Convenience Store
27%
🏤Post Office
8%

Score Distribution

Percentile by Number Answered

Percent of People with Each Score

Your Score History

You have not taken this quiz